[Event "Solingen-ch 2013"]
[Site "Solingen"]
[Date "2013.10.11"]
[Round "3.18"]
[White "Schubert, Stefan"]
[Black "Barche, Uwe"]
[Result "1/2-1/2"]
[WhiteElo "1091"]
[BlackElo "1187"]
[PlyCount "96"]
[EventDate "2013.??.??"]
[EventRounds "7"]
[WhiteTeam "SG Solingen e.V."]
[BlackTeam "SG Solingen e.V."]

1. c4 e6 2. g3 d5 3. cxd5 exd5 4. Bg2 Nf6 5. d4 Bb4+ 6. Bd2 Bxd2+ 7. Nxd2 O-O
8. Ngf3 Nc6 9. O-O Re8 10. h3 Bf5 11. a3 Qd7 12. Kh2 h6 13. Rc1 Ne4 14. Nb3 b6
15. Nh4 Bh7 16. Nd2 Qe6 17. Nxe4 Bxe4 18. Bxe4 g5 19. Bxd5 Qxd5 20. Nf3 Re4 21.
e3 Rc8 22. Nd2 Re7 23. Qf3 Qxf3 24. Nxf3 Kg7 25. Rxc6 a5 26. d5 Rd7 27. d6 Rxd6
28. Rxd6 cxd6 29. Nd4 a4 30. Nf5+ Kf6 31. Nxh6 Rc2 32. Ng4+ Ke6 33. Rb1 f5 34.
b3 fxg4 35. hxg4 Rxf2+ 36. Kg1 Rf3 37. bxa4 Rxg3+ 38. Kf2 Rxg4 39. Rxb6 Rxa4
40. Rb3 d5 41. Kf3 Ke5 42. Rc3 g4+ 43. Kg3 d4 44. Rd3 dxe3 45. Rxe3+ Kd4 46.
Rb3 Kc4 47. Re3 Kb5 48. Rb3+ Kc4 1/2-1/2

[Event "Solingen-ch 2013"]
[Site "Solingen"]
[Date "2013.10.25"]
[Round "4.1"]
[White "Schockenbäumer, Dirk"]
[Black "Zolfagharian, Kevin"]
[Result "1/2-1/2"]
[WhiteElo "2158"]
[BlackElo "2041"]
[PlyCount "23"]
[EventDate "2013.??.??"]
[EventRounds "7"]
[WhiteTeam "SG Solingen e.V."]
[BlackTeam "SG Solingen e.V."]

1. Nf3 d5 2. d4 Nf6 3. c4 c6 4. cxd5 cxd5 5. Nc3 Nc6 6. g3 e6 7. Bg2 Bb4 8. O-O
O-O 9. Qd3 Qe7 10. Bd2 Rd8 11. Rac1 Bd7 12. Rfd1 1/2-1/2

[Event "Solingen-ch 2013"]
[Site "Solingen"]
[Date "2013.10.16"]
[Round "4.2"]
[White "Kniest, Oliver"]
[Black "Maczkowiak, Thomas"]
[Result "1-0"]
[WhiteElo "2309"]
[BlackElo "1940"]
[PlyCount "59"]
[EventDate "2013.??.??"]
[EventRounds "7"]
[WhiteTeam "SG Solingen e.V."]
[BlackTeam "Märkischer Springer Halver-Schal"]

1. d4 Nf6 2. c4 g6 3. Nc3 d5 4. Bf4 Bg7 5. e3 O-O 6. cxd5 Nxd5 7. Nxd5 Qxd5 8.
Bxc7 Bf5 9. Ne2 Rc8 10. Nc3 Qc6 11. Bg3 Na6 12. f3 Rd8 13. Qb3 Rac8 14. Bb5 Qb6
15. Bc4 Rxc4 16. Qxc4 Qxb2 17. O-O Rc8 18. Na4 Qd2 19. Qb3 b5 20. Nb2 Rc3 21.
Qxb5 Qxe3+ 22. Bf2 Qd2 23. Rad1 Qc2 24. Na4 Ra3 25. Nc5 Nxc5 26. dxc5 h5 27.
Qe8+ Kh7 28. Qxf7 Rxa2 29. c6 Bd3 30. Rxd3 1-0

[Event "Solingen-ch 2013"]
[Site "Solingen"]
[Date "2013.10.25"]
[Round "4.3"]
[White "Görke, Joachim"]
[Black "Grah, Uli"]
[Result "1-0"]
[WhiteElo "2094"]
[BlackElo "1809"]
[PlyCount "77"]
[EventDate "2013.??.??"]
[EventRounds "7"]
[WhiteTeam "SG Solingen e.V."]
[BlackTeam "SG Solingen e.V."]

1. e4 c5 2. Nf3 Nc6 3. d4 cxd4 4. Nxd4 g6 5. Nc3 Bg7 6. Be3 Nf6 7. Nxc6 bxc6 8.
e5 Nd5 9. Nxd5 cxd5 10. Qxd5 Rb8 11. Bc4 O-O 12. f4 Bb7 13. Qd2 Qc7 14. Bb3 Bc6
15. O-O a5 16. c3 a4 17. Bd1 f6 18. exf6 Bxf6 19. Rc1 Qb7 20. b3 Bg7 21. bxa4
Rf5 22. Bc2 Rh5 23. Rb1 Qc7 24. Rxb8+ Qxb8 25. Rb1 Qa8 26. Rb4 Bf8 27. f5 Qa6
28. fxg6 hxg6 29. Bd3 Qa5 30. Bxg6 Rd5 31. Bd3 e6 32. Rg4+ Kf7 33. Qf2+ Ke7 34.
Rg8 Qa8 35. Bc5+ d6 36. Qh4+ Kd7 37. Qh7+ Be7 38. Rxa8 Bxa8 39. Bd4 1-0

[Event "Solingen-ch 2013"]
[Site "Solingen"]
[Date "2013.10.18"]
[Round "4.4"]
[White "Hobusch, Jan"]
[Black "Fränzel, Dr. Marius"]
[Result "1-0"]
[WhiteElo "2078"]
[BlackElo "1687"]
[PlyCount "91"]
[EventDate "2013.??.??"]
[EventRounds "7"]
[WhiteTeam "SG Solingen e.V."]
[BlackTeam "SG Solingen e.V."]

1. e4 e5 2. Nf3 Nc6 3. Bb5 a6 4. Bxc6 dxc6 5. Nc3 Bg4 6. h3 Bxf3 7. Qxf3 Qf6 8.
Qg3 Bd6 9. d3 h6 10. Be3 Ne7 11. O-O-O Ng6 12. Ne2 Qe6 13. Kb1 O-O-O 14. Qg4
Qxg4 15. hxg4 Nf4 16. Bxf4 exf4 17. Rh5 g6 18. Rh3 g5 19. Rdh1 Bf8 20. Rh5 Bg7
21. g3 f3 22. Ng1 Rd6 23. Nxf3 Rf6 24. Nd4 Rxf2 25. Nf5 Bf8 26. a3 Rg2 27. Rxg5
Kd7 28. Rgh5 Rg8 29. Rf1 Ke8 30. Re1 Rxg4 31. Ne3 R4xg3 32. Nxg2 Rxg2 33. Rf1
Rg6 34. Rhf5 Rg7 35. b4 Be7 36. Kb2 Bg5 37. Kb3 Ke7 38. a4 b6 39. Kc4 h5 40.
Rg1 b5+ 41. Kb3 f6 42. e5 Rh7 43. exf6+ Bxf6 44. Rg6 Bh8 45. Rxc6 h4 46. Rxc7+
1-0

[Event "Solingen-ch 2013"]
[Site "Solingen"]
[Date "2013.10.18"]
[Round "4.5"]
[White "Große-Hering, Peter"]
[Black "Meckel, Helmut"]
[Result "1-0"]
[WhiteElo "1926"]
[BlackElo "1831"]
[PlyCount "99"]
[EventDate "2013.??.??"]
[EventRounds "7"]
[WhiteTeam "SV Horst-Emscher 31"]
[BlackTeam "SG Solingen e.V."]

1. e4 e6 2. d3 d5 3. Nd2 c5 4. Ngf3 Nc6 5. g3 Nf6 6. Bg2 dxe4 7. dxe4 e5 8. O-O
Bg4 9. h3 Bh5 10. c3 Qc7 11. a4 Rd8 12. Qe2 Be7 13. Nc4 O-O 14. g4 Bg6 15. Nh4
Rd7 16. Nf5 Rfd8 17. Bg5 Ne8 18. Bxe7 Nxe7 19. Rad1 Bxf5 20. exf5 f6 21. Rxd7
Rxd7 22. Rd1 Qd8 23. Rxd7 Qxd7 24. Qd2 Qxd2 25. Nxd2 Nd6 26. Kf1 h5 27. Ke2 b6
28. Kd3 Kh7 29. Nc4 Nec8 30. Nd2 Kh6 31. Ne4 hxg4 32. hxg4 a6 33. b3 Nf7 34. a5
bxa5 35. Nxc5 Kg5 36. Bf3 Nh6 37. Ne6+ Kh4 38. Nxg7 Nxg4 39. Bxg4 Kxg4 40. Ke4
Ne7 41. f3+ Kg3 42. Nh5+ Kh4 43. Nxf6 Kg5 44. Kxe5 Nxf5 45. f4+ Kg6 46. Nd5 Ng3
47. c4 Ne2 48. c5 Nc1 49. c6 Nxb3 50. c7 1-0

[Event "Solingen-ch 2013"]
[Site "Solingen"]
[Date "2013.10.25"]
[Round "4.6"]
[White "Kesseler, Heiko"]
[Black "Boschek, Dr. Hans-Joachim"]
[Result "1-0"]
[WhiteElo "2024"]
[BlackElo "1921"]
[PlyCount "57"]
[EventDate "2013.??.??"]
[EventRounds "7"]
[WhiteTeam "Elberfelder SG"]
[BlackTeam "SV 1922 Hilden"]

1. e4 c5 2. Nf3 e6 3. b3 Nc6 4. Bb2 d6 5. c4 e5 6. Nc3 g6 7. Be2 Bg7 8. O-O Nf6
9. Ne1 O-O 10. Nc2 Nd4 11. Ne3 Nxe2+ 12. Qxe2 Nh5 13. Ncd5 Qg5 14. Kh1 Kh8 15.
f3 f5 16. exf5 gxf5 17. g3 Qxg3 18. f4 Qh4 19. Rf3 Rf7 20. Rg1 e4 21. Rxg7 Rxg7
22. Bxg7+ Kxg7 23. Qg2+ Kh8 24. Rh3 Qe1+ 25. Nf1 Be6 26. Rxh5 Rg8 27. Qh3 Rg7
28. Nf6 Bg8 29. Rg5 1-0

[Event "Solingen-ch 2013"]
[Site "Solingen"]
[Date "2013.10.25"]
[Round "4.7"]
[White "Ferger, Jürgen"]
[Black "Skiber, Friedel"]
[Result "1-0"]
[WhiteElo "1852"]
[BlackElo "1729"]
[PlyCount "87"]
[EventDate "2013.??.??"]
[EventRounds "7"]
[WhiteTeam "SG Solingen e.V."]
[BlackTeam "SG Solingen e.V."]

1. d4 Nf6 2. c4 g6 3. Nc3 e6 4. Bg5 h6 5. Bh4 g5 6. Bg3 d6 7. f3 Bg7 8. e4 Nh5
9. Bf2 Qe7 10. Qa4+ c6 11. O-O-O a6 12. Nge2 Bd7 13. Qa3 e5 14. Kb1 a5 15. dxe5
Bxe5 16. c5 O-O 17. cxd6 Qe8 18. Na4 b5 19. Nb6 b4 20. Qe3 Ra7 21. Qc5 Bg7 22.
Nxd7 Rxd7 23. g4 b3 24. gxh5 bxa2+ 25. Kxa2 Rb7 26. Nd4 Nd7 27. Qxc6 Rb6 28.
Qc7 Rb4 29. Rd2 Nb6 30. Bb5 Rxb5 31. Nxb5 Qxb5 32. Qxb6 Qc4+ 33. Kb1 a4 34. Rc1
Qe6 35. Bd4 a3 36. Bxg7 Kxg7 37. Qd4+ f6 38. Rc7+ Kh8 39. Qd5 a2+ 40. Ka1 Qh3
41. Qd3 Qh4 42. e5 Qe1+ 43. Rd1 Qxe5 44. Qh7# 1-0

[Event "Solingen-ch 2013"]
[Site "Solingen"]
[Date "2013.10.25"]
[Round "4.8"]
[White "Mentzel, Markus"]
[Black "Sherif, Amina"]
[Result "0-1"]
[WhiteElo "1760"]
[BlackElo "1685"]
[PlyCount "94"]
[EventDate "2013.??.??"]
[EventRounds "7"]
[WhiteTeam "SG Solingen e.V."]
[BlackTeam "SG Solingen e.V."]

1. d4 d5 2. c4 c6 3. Nf3 Nf6 4. e3 Bf5 5. Nc3 e6 6. Nh4 Bg6 7. Nxg6 hxg6 8. g3
Nbd7 9. Qb3 Qc7 10. Bg2 Bd6 11. c5 Be7 12. f4 b6 13. cxb6 Qxb6 14. Qxb6 Nxb6
15. a3 c5 16. Bf3 Rc8 17. Be2 O-O 18. Bd2 cxd4 19. exd4 Nc4 20. O-O-O Rc6 21.
Bxc4 Rxc4 22. Kb1 Rxd4 23. Nb5 Rc4 24. b3 Rc6 25. a4 Rb8 26. Nd4 Rcc8 27. Rc1
Ne4 28. Rxc8+ Rxc8 29. Ba5 Bf6 30. Rd1 Rb8 31. Ka2 Nc5 32. Bc7 Rc8 33. Ba5 Ne4
34. Kb2 g5 35. Be1 gxf4 36. gxf4 Kf8 37. Rd3 Ke8 38. Kb1 Nc5 39. Rd1 Bxd4 40.
Rxd4 Nxb3 41. Rd1 Rc4 42. Kb2 Nc5 43. a5 Rxf4 44. Bg3 Ra4 45. Be1 Re4 46. Bg3
Re2+ 47. Ka3 Re4 0-1

[Event "Solingen-ch 2013"]
[Site "Solingen"]
[Date "2013.10.18"]
[Round "4.9"]
[White "Beyer, Fabian"]
[Black "Nink, Niklas"]
[Result "1/2-1/2"]
[WhiteElo "1979"]
[BlackElo "1454"]
[PlyCount "89"]
[EventDate "2013.??.??"]
[EventRounds "7"]
[WhiteTeam "SG Solingen e.V."]
[BlackTeam "SG Solingen e.V."]

1. d4 d5 2. c4 e5 3. dxe5 d4 4. Nf3 Nc6 5. e4 dxe3 6. Qxd8+ Nxd8 7. Bxe3 Bf5 8.
a3 a5 9. Nc3 c6 10. Be2 Ne6 11. Nd4 Nxd4 12. Bxd4 Ne7 13. O-O Ng6 14. g4 Bc2
15. f4 Rd8 16. Be3 Be7 17. Rac1 Bd3 18. Rfd1 Bxe2 19. Nxe2 O-O 20. Bb6 Ra8 21.
Rd7 Bd8 22. Bc5 Re8 23. Rcd1 h6 24. Rxb7 Nxe5 25. Ng3 Nxg4 26. Rdd7 Bf6 27. Nh5
Rad8 28. Nxf6+ Nxf6 29. Rxf7 Rd2 30. Rxg7+ Kh8 31. Rge7 Rg8+ 32. Kf1 Rg4 33.
Be3 Rxh2 34. Rb8+ Rg8 35. Rxg8+ Kxg8 36. Bd4 Rh4 37. Be5 Ng4 38. Re6 Nxe5 39.
fxe5 Rxc4 40. Rxh6 Rc2 41. Ke1 Rxb2 42. Rxc6 Rb3 43. Kd2 Kf7 44. Kc2 Rxa3 45.
Ra6 1/2-1/2

[Event "Solingen-ch 2013"]
[Site "Solingen"]
[Date "2013.10.25"]
[Round "4.10"]
[White "Vranidis, Athanassios"]
[Black "Falge, Rainer"]
[Result "1-0"]
[WhiteElo "1861"]
[BlackElo "1731"]
[PlyCount "81"]
[EventDate "2013.??.??"]
[EventRounds "7"]
[WhiteTeam "SG Solingen e.V."]
[BlackTeam "SG Solingen e.V."]

1. d4 d6 2. c4 Nf6 3. Nc3 g6 4. e4 Bg7 5. Be2 O-O 6. Bg5 e5 7. dxe5 dxe5 8.
Qxd8 Rxd8 9. Nd5 Rxd5 10. exd5 Ne4 11. Be3 Nd7 12. Bf3 Ndf6 13. Ne2 Nd6 14. Nc3
Nxc4 15. O-O-O Nxe3 16. fxe3 Bg4 17. e4 a6 18. a3 Bd7 19. Rd3 Ng4 20. Bxg4 Bxg4
21. h3 Bd7 22. d6 cxd6 23. Rxd6 Bc6 24. Rhd1 Bf8 25. Rd8 Rxd8 26. Rxd8 Kg7 27.
Kc2 Be7 28. Rd1 f5 29. Re1 Bh4 30. Re2 Kf7 31. exf5 gxf5 32. Rxe5 Kf6 33. Re2
f4 34. Ne4+ Ke5 35. Ng5+ Kd4 36. Nf3+ Bxf3 37. gxf3 Kd5 38. Re8 h6 39. Rb8 Kc6
40. Rg8 Kc7 41. Rg4 1-0

[Event "Solingen-ch 2013"]
[Site "Solingen"]
[Date "2013.10.25"]
[Round "4.11"]
[White "Krämer, Roland"]
[Black "Barche, Robert"]
[Result "1-0"]
[WhiteElo "1637"]
[BlackElo "1257"]
[PlyCount "69"]
[EventDate "2013.??.??"]
[EventRounds "7"]
[WhiteTeam "SF Josefsheim Bigge"]
[BlackTeam "SG Solingen e.V."]

1. f4 e6 2. Nf3 d5 3. e3 Nf6 4. Be2 c5 5. O-O Nc6 6. Ne5 Qb6 7. Nxc6 Qxc6 8.
Bf3 b6 9. c4 Ba6 10. b3 Qc7 11. Nc3 Rd8 12. Nb5 Qd7 13. a4 g6 14. Bb2 Bg7 15.
Be5 O-O 16. Nc7 Bc8 17. Ra2 Ne4 18. Bxg7 Kxg7 19. cxd5 exd5 20. Qa1+ Kg8 21.
Nb5 Ba6 22. Bxe4 dxe4 23. f5 Bxb5 24. axb5 Qxb5 25. Rxa7 Rxd2 26. Ra8 Qe2 27.
Rxf8+ Kxf8 28. Qa8+ Kg7 29. Qxe4 gxf5 30. Qe5+ Kf8 31. Qh8+ Ke7 32. Qe5+ Kd7
33. Qxf5+ Kc6 34. Qe4+ Kb5 35. Qa4# 1-0

[Event "Solingen-ch 2013"]
[Site "Solingen"]
[Date "2013.10.16"]
[Round "4.12"]
[White "Muschallik, Sven"]
[Black "Nguyen, Gia Huy Philipp"]
[Result "0-1"]
[WhiteElo "951"]
[BlackElo "1625"]
[PlyCount "62"]
[EventDate "2013.??.??"]
[EventRounds "7"]
[WhiteTeam "SG Solingen e.V."]
[BlackTeam "SG Solingen e.V."]

1. d4 Nf6 2. Nf3 g6 3. Bf4 Bg7 4. e3 O-O 5. c4 d6 6. Nc3 a5 7. Bd3 c5 8. d5 Na6
9. a3 Nc7 10. O-O e6 11. e4 exd5 12. exd5 Bg4 13. Re1 Qd7 14. Rb1 Rfe8 15. Ne4
Nxe4 16. Bxe4 b5 17. b3 a4 18. bxa4 Rxa4 19. cxb5 Raxe4 20. Rxe4 Rxe4 21. b6
Rxf4 22. b7 Na6 23. Qd3 Nb8 24. Qd2 Ra4 25. Qe3 Ra7 26. Qb3 Bxf3 27. gxf3 Qc7
28. Qb6 Qxb6 29. Rxb6 Be5 30. Rc6 Rxb7 31. Rc8+ Kg7 0-1

[Event "Solingen-ch 2013"]
[Site "Solingen"]
[Date "2013.10.25"]
[Round "4.13"]
[White "Wolf, Wieland"]
[Black "Müller, Ernst"]
[Result "0-1"]
[WhiteElo "1313"]
[BlackElo "1586"]
[PlyCount "84"]
[EventDate "2013.??.??"]
[EventRounds "7"]
[WhiteTeam "SG Solingen e.V."]
[BlackTeam "SG Solingen e.V."]

1. e4 e5 2. Bc4 Nc6 3. Ne2 Bc5 4. O-O Nf6 5. d3 h6 6. Nbc3 d6 7. Na4 Bb6 8.
Nxb6 axb6 9. f4 O-O 10. f5 Na5 11. Bb3 Nxb3 12. cxb3 Bd7 13. Ng3 Bb5 14. a4 Bc6
15. Be3 d5 16. Qc2 Ng4 17. Bd2 Qh4 18. h3 Qxg3 19. hxg4 Qxg4 20. Rae1 Rad8 21.
Re3 f6 22. Be1 dxe4 23. dxe4 Rd4 24. Qc1 Bxe4 25. Rg3 Qh5 26. Qxc7 Qf7 27. Qxb6
Rfd8 28. Bf2 R4d6 29. Qe3 Bxf5 30. Qxh6 Rd3 31. Qh4 Rxg3 32. Qxg3 Rd3 33. Be3
Be4 34. Rc1 Bc6 35. b4 Qb3 36. Qg4 Rxe3 37. Qc8+ Kh7 38. Qf5+ Kh6 39. Qc8 Qxb2
40. Qh8+ Kg6 41. Rxc6 bxc6 42. Qe8+ Kg5 0-1

[Event "Solingen-ch 2013"]
[Site "Solingen"]
[Date "2013.10.25"]
[Round "4.14"]
[White "Kissing, Bastian"]
[Black "Ehringfeld, Michael"]
[Result "1/2-1/2"]
[WhiteElo "1577"]
[BlackElo "1360"]
[PlyCount "75"]
[EventDate "2013.??.??"]
[EventRounds "7"]
[WhiteTeam "SC Tornado Wuppertal 199"]
[BlackTeam "SG Solingen e.V."]

1. e4 e6 2. d4 d5 3. Nc3 Bb4 4. e5 Ne7 5. Qg4 Nf5 6. Bd3 h5 7. Qf4 Qh4 8. Qxh4
Bxc3+ 9. bxc3 Nxh4 10. Bg5 Nf5 11. Rb1 Nd7 12. Bf4 Nb6 13. Nf3 Bd7 14. Bxf5
exf5 15. e6 fxe6 16. Bxc7 Na4 17. Rxb7 O-O 18. Bd6 Bc6 19. Re7 Nxc3 20. Be5 Rf7
21. Rxe6 Bb5 22. Ng5 Rb7 23. Kd2 Rc8 24. Re1 Ba4 25. Bd6 Ne4+ 26. Nxe4 Rxc2+
27. Ke3 fxe4 28. Re5 Rc3+ 29. Kf4 Bc6 30. Rxh5 Rc2 31. Re3 Rxf2+ 32. Ke5 g6 33.
Rg3 Rg7 34. Rhg5 Kf7 35. R3g4 Rg8 36. Rf4+ Rxf4 37. Kxf4 Kf6 38. Be5+ 1/2-1/2

[Event "Solingen-ch 2013"]
[Site "Solingen"]
[Date "2013.10.25"]
[Round "4.15"]
[White "Kopernok, Ingo"]
[Black "Kaiser, Stephan"]
[Result "1-0"]
[WhiteElo "1058"]
[BlackElo "1483"]
[PlyCount "97"]
[EventDate "2013.??.??"]
[EventRounds "7"]
[WhiteTeam "SG Solingen e.V."]
[BlackTeam "SG Solingen e.V."]

1. d4 d5 2. Bf4 Nf6 3. Nf3 Bg4 4. e3 e6 5. Be2 Be7 6. Ne5 Bf5 7. a3 Nbd7 8. O-O
Nxe5 9. dxe5 Nd7 10. Nc3 O-O 11. b4 f6 12. exf6 Bxf6 13. Qd2 c5 14. Ra2 Qe7 15.
Nb5 a6 16. Bd6 Qd8 17. Bxf8 Qxf8 18. Nc3 cxb4 19. Nb1 bxa3 20. Rxa3 Rc8 21. c3
Bxb1 22. Rb3 Bf5 23. Rxb7 Bxc3 24. Qa2 Nc5 25. Rb6 a5 26. Rc1 Bb4 27. h3 Ne4
28. Rxc8 Qxc8 29. Qa4 h6 30. Rc6 Qd7 31. Ba6 Kh7 32. Bc8 Qf7 33. Qc2 Nd6 34.
Qc1 Nxc8 35. Rxc8 e5 36. Rc7 Qe8 37. Qb2 d4 38. exd4 exd4 39. Qxd4 Qg6 40. g4
Be4 41. Qe3 h5 42. f3 Bd5 43. Kf2 Qd6 44. Qd3+ Kh6 45. g5+ Kxg5 46. Rxg7+ Kf4
47. Qe3+ Kf5 48. Qg5+ Ke6 49. Rg6+ 1-0

[Event "Solingen-ch 2013"]
[Site "Solingen"]
[Date "2013.10.25"]
[Round "4.16"]
[White "Sherif, Malik"]
[Black "Barche, Uwe"]
[Result "1-0"]
[WhiteElo "1454"]
[BlackElo "1187"]
[PlyCount "79"]
[EventDate "2013.??.??"]
[EventRounds "7"]
[WhiteTeam "SG Solingen e.V."]
[BlackTeam "SG Solingen e.V."]

1. Nf3 d5 2. c4 e6 3. cxd5 exd5 4. g3 Nf6 5. Bg2 Be7 6. O-O O-O 7. d3 c6 8. a3
Nbd7 9. Nbd2 h6 10. b4 a6 11. Nb3 b6 12. Nfd4 Bb7 13. Nf5 Re8 14. Re1 c5 15.
Nxe7+ Qxe7 16. bxc5 Nxc5 17. Nxc5 bxc5 18. d4 c4 19. Bd2 Qc7 20. Qc2 Qc8 21. f3
Bc6 22. e4 dxe4 23. fxe4 Qc7 24. e5 Rab8 25. exf6 g5 26. Rxe8+ Bxe8 27. Be4 Rb6
28. Rf1 Bc6 29. Qxc4 Qb7 30. Bxc6 Rxc6 31. Qb4 Rb6 32. Qe7 Kh7 33. Qf8 Kg6 34.
Qg7+ Kh5 35. h3 Rb2 36. g4+ Kh4 37. Qxh6+ Kg3 38. Be1+ Rf2 39. Rxf2 Qe4 40.
Rf1+ 1-0

[Event "Solingen-ch 2013"]
[Site "Solingen"]
[Date "2013.10.13"]
[Round "4.17"]
[White "Schubert, Florian"]
[Black "Schubert, Stefan"]
[Result "1-0"]
[WhiteElo "984"]
[BlackElo "1091"]
[PlyCount "111"]
[EventDate "2013.??.??"]
[EventRounds "7"]
[WhiteTeam "SG Solingen e.V."]
[BlackTeam "SG Solingen e.V."]

1. e4 e5 2. Nf3 Nc6 3. Bc4 Nf6 4. Nc3 Be7 5. O-O O-O 6. d3 a6 7. Nd5 b5 8.
Nxf6+ Bxf6 9. Bd5 Rb8 10. c3 Ne7 11. Be3 Nxd5 12. exd5 Re8 13. Qd2 h6 14. b3 e4
15. dxe4 Rxe4 16. Qd3 Re8 17. Ba7 Ra8 18. Bd4 Bb7 19. Bxf6 Qxf6 20. Rad1 c6 21.
c4 b4 22. Qd4 Qxd4 23. Rxd4 c5 24. Rdd1 a5 25. Rde1 Rxe1 26. Rxe1 a4 27. g3 Kf8
28. Ne5 Bc8 29. Nd3 d6 30. Nb2 axb3 31. axb3 Bd7 32. Kg2 Re8 33. Rxe8+ Kxe8 34.
Kf3 Ke7 35. h4 h5 36. Nd3 Kf6 37. Kf4 Bf5 38. Nc1 g6 39. f3 Bc2 40. g4 hxg4 41.
fxg4 Kg7 42. h5 gxh5 43. gxh5 Kh6 44. Kg4 Bd1+ 45. Kf5 Bxh5 46. Kf6 Kh7 47. Nd3
Bd1 48. Kxf7 Bxb3 49. Nb2 Bc2 50. Ke7 Kg7 51. Kxd6 b3 52. Ke7 Bf5 53. d6 Kg6
54. d7 Bxd7 55. Kxd7 Kf6 56. Kd6 1-0

[Event "Solingen-ch 2013"]
[Site "Solingen"]
[Date "2013.10.25"]
[Round "4.18"]
[White "Littek, Oliver"]
[Black "Schröder, Ulrich"]
[Result "0-1"]
[WhiteElo "982"]
[BlackElo "1629"]
[PlyCount "58"]
[EventDate "2013.??.??"]
[EventRounds "7"]
[WhiteTeam "SG Solingen e.V."]
[BlackTeam "SG Ennepe-Ruhr-S"]

1. e4 c5 2. Nc3 d6 3. Nf3 Nf6 4. Bc4 e6 5. O-O a6 6. d3 Nc6 7. Re1 Be7 8. Bg5
O-O 9. a3 Qc7 10. Qd2 b5 11. Bb3 Bb7 12. a4 b4 13. Ne2 Rad8 14. Ng3 d5 15. exd5
Nxd5 16. Bxe7 Ncxe7 17. Rad1 Ng6 18. Bxd5 Bxd5 19. Re3 f5 20. Re2 Bxf3 21. gxf3
Nf4 22. Ree1 Rf6 23. b3 Rd5 24. Kf1 Rh6 25. Kg1 Rg6 26. c3 Rxd3 27. Qc2 Rxc3
28. Qb1 h5 29. Rd2 h4 0-1

[Event "Solingen-ch 2013"]
[Site "Solingen"]
[Date "2013.11.08"]
[Round "5.1"]
[White "Zolfagharian, Kevin"]
[Black "Kniest, Oliver"]
[Result "0-1"]
[WhiteElo "2041"]
[BlackElo "2309"]
[PlyCount "74"]
[EventDate "2013.??.??"]
[EventRounds "7"]
[WhiteTeam "SG Solingen e.V."]
[BlackTeam "SG Solingen e.V."]

1. e4 e6 2. d4 d5 3. Nc3 Bb4 4. e5 c5 5. a3 Bxc3+ 6. bxc3 Qa5 7. Bd2 Qa4 8. Qg4
g6 9. Nf3 Nc6 10. h4 h6 11. Ra2 Bd7 12. Qf4 c4 13. Nh2 Qb5 14. Bc1 Rh7 15. Ng4
O-O-O 16. Qd2 Qa4 17. Be2 Rf8 18. h5 g5 19. Rh3 Nce7 20. Rf3 Nf5 21. g3 Be8 22.
Rb2 f6 23. Nxf6 Nxf6 24. exf6 Bxh5 25. Rxf5 Bxe2 26. Re5 Bg4 27. f3 Bxf3 28.
Rxe6 Qd7 29. Qe3 Be4 30. Rxe4 dxe4 31. Rb4 Qd5 32. Qe2 Rxf6 33. Rxc4+ Rc7 34.
Rxc7+ Kxc7 35. Be3 Rf3 36. c4 Qa5+ 37. Bd2 Qxa3 0-1

[Event "Solingen-ch 2013"]
[Site "Solingen"]
[Date "2013.11.08"]
[Round "5.2"]
[White "Hobusch, Jan"]
[Black "Schockenbäumer, Dirk"]
[Result "1/2-1/2"]
[WhiteElo "2078"]
[BlackElo "2158"]
[PlyCount "48"]
[EventDate "2013.??.??"]
[EventRounds "7"]
[WhiteTeam "SG Solingen e.V."]
[BlackTeam "SG Solingen e.V."]

1. b3 c5 2. Bb2 d5 3. e3 Nc6 4. Bb5 Nf6 5. Nf3 Bd7 6. O-O a6 7. Bxc6 Bxc6 8.
Ne5 Rc8 9. d3 g6 10. Nd2 Bg7 11. Qe2 O-O 12. f4 Nd7 13. Ndf3 f6 14. Nxc6 Rxc6
15. e4 d4 16. f5 Ne5 17. Nxe5 fxe5 18. fxg6 Rxg6 19. Rxf8+ Qxf8 20. Rf1 Rf6 21.
Bc1 Bh6 22. Rxf6 Qxf6 23. Bd2 Bxd2 24. Qxd2 Qf4 1/2-1/2

[Event "Solingen-ch 2013"]
[Site "Solingen"]
[Date "2013.11.08"]
[Round "5.3"]
[White "Ferger, Jürgen"]
[Black "Görke, Joachim"]
[Result "0-1"]
[WhiteElo "1852"]
[BlackElo "2094"]
[PlyCount "72"]
[EventDate "2013.??.??"]
[EventRounds "7"]
[WhiteTeam "SG Solingen e.V."]
[BlackTeam "SG Solingen e.V."]

1. d4 c5 2. c3 e6 3. e4 d5 4. e5 Nc6 5. f4 Qb6 6. Nf3 Nh6 7. Bd3 cxd4 8. cxd4
Bd7 9. Qe2 Nxd4 10. Nxd4 Qxd4 11. Be3 Qb4+ 12. Nd2 Bc5 13. O-O O-O 14. Bxc5
Qxc5+ 15. Kh1 a6 16. Nb3 Qb6 17. Rad1 Ba4 18. f5 exf5 19. Bxf5 Nxf5 20. Rxf5
Bxb3 21. axb3 Rad8 22. Qd3 Qe6 23. Rh5 g6 24. Qg3 Kh8 25. Rh6 Rd7 26. Re1 Re8
27. Rh4 d4 28. h3 d3 29. Rhe4 Red8 30. Rc4 d2 31. Rd1 Rd5 32. Qf2 Rxe5 33. Rxd2
Re1+ 34. Kh2 Qe5+ 35. Rf4 Rxd2 36. Qxd2 g5 0-1

[Event "Solingen-ch 2013"]
[Site "Solingen"]
[Date "2013.11.08"]
[Round "5.4"]
[White "Maczkowiak, Thomas"]
[Black "Kesseler, Heiko"]
[Result "0-1"]
[WhiteElo "1940"]
[BlackElo "2024"]
[PlyCount "72"]
[EventDate "2013.??.??"]
[EventRounds "7"]
[WhiteTeam "Märkischer Springer Halver-Schal"]
[BlackTeam "Elberfelder SG"]

1. Nf3 c5 2. c4 Nc6 3. d4 cxd4 4. Nxd4 Qb6 5. Nc2 g6 6. Nc3 Bg7 7. Nd5 Qd8 8.
g3 h5 9. h4 Nh6 10. Bg2 O-O 11. O-O d6 12. Bd2 Nf5 13. e4 Nh6 14. Bc3 Ne5 15.
Nce3 Nhg4 16. f4 Nxe3 17. Nxe3 Qb6 18. fxe5 Qxe3+ 19. Kh2 Bxe5 20. Bxe5 dxe5
21. Qd5 Qd4 22. Qxd4 exd4 23. e5 Rd8 24. Bd5 Bf5 25. b3 Rd7 26. Rf4 Rad8 27.
Rd1 e6 28. Be4 d3 29. Rd2 Kg7 30. Bxf5 gxf5 31. Kg2 f6 32. exf6+ Kxf6 33. Kf2
e5 34. Rf3 Rd4 35. Ke3 Rg4 36. Rdf2 d2 0-1

[Event "Solingen-ch 2013"]
[Site "Solingen"]
[Date "2013.11.08"]
[Round "5.5"]
[White "Sherif, Amina"]
[Black "Große-Hering, Peter"]
[Result "0-1"]
[WhiteElo "1685"]
[BlackElo "1926"]
[PlyCount "96"]
[EventDate "2013.??.??"]
[EventRounds "7"]
[WhiteTeam "SG Solingen e.V."]
[BlackTeam "SV Horst-Emscher 31"]

1. e4 d6 2. d4 Nf6 3. Nc3 g6 4. f4 Bg7 5. Nf3 c5 6. dxc5 Qa5 7. Bd3 Qxc5 8. Qe2
O-O 9. Be3 Qa5 10. O-O Nc6 11. Kh1 Bg4 12. Qf2 Rac8 13. a3 Nd7 14. Nd4 Nxd4 15.
Bxd4 e5 16. Be3 exf4 17. Qxf4 Qh5 18. h3 Be6 19. Bd2 Rc5 20. Rad1 Bxh3 21. gxh3
Qxh3+ 22. Qh2 Qe6 23. Kg2 Rh5 24. Qg3 h6 25. Be2 Be5 26. Qg4 Rh2+ 27. Kg1 Qe7
28. Nd5 Qh4 29. Qxh4 Rxh4 30. Nc3 Nc5 31. Bf3 Re8 32. Be1 Rh2 33. Bf2 Ne6 34.
Nd5 Ng5 35. Bg2 Rh5 36. Bxa7 Rh4 37. Rde1 Rg4 38. Nf6+ Bxf6 39. Rxf6 Kg7 40.
Rxd6 Nf3+ 41. Kf2 Nxe1 42. Kxe1 Rxg2 43. Kf1 Rxc2 44. e5 Rxb2 45. e6 Rb1+ 46.
Kf2 Rxe6 47. Rd7 Rc6 48. Rd8 g5 0-1

[Event "Solingen-ch 2013"]
[Site "Solingen"]
[Date "2013.11.08"]
[Round "5.6"]
[White "Nink, Niklas"]
[Black "Vranidis, Athanassios"]
[Result "0-1"]
[WhiteElo "1454"]
[BlackElo "1861"]
[PlyCount "54"]
[EventDate "2013.??.??"]
[EventRounds "7"]
[WhiteTeam "SG Solingen e.V."]
[BlackTeam "SG Solingen e.V."]

1. e4 c5 2. Nf3 d6 3. d4 cxd4 4. Nxd4 Nf6 5. Nc3 a6 6. Bg5 e6 7. f4 b5 8. e5
dxe5 9. fxe5 Qc7 10. exf6 Qe5+ 11. Be2 Qxg5 12. O-O Qe5 13. Nf3 Qc5+ 14. Kh1
Bb7 15. Qd2 gxf6 16. Rad1 Be7 17. Bd3 f5 18. Nd4 Rg8 19. Rf2 Nc6 20. Nxf5 exf5
21. Bxf5 Ne5 22. Bd7+ Kf8 23. Rdf1 f6 24. Qh6+ Rg7 25. Rxf6+ Bxf6 26. Rxf6+ Nf7
27. Be6 Bxg2# 0-1